योगसूत्र (Record no. 297296)

MARC details
000 -LEADER
fixed length control field 00745nam a2200229Ia 4500
003 - CONTROL NUMBER IDENTIFIER
control field OSt
005 - DATE AND TIME OF LATEST TRANSACTION
control field 20250722104839.0
008 - FIXED-LENGTH DATA ELEMENTS--GENERAL INFORMATION
fixed length control field 220922b |||||||| |||| 00| 0 san d
020 ## - INTERNATIONAL STANDARD BOOK NUMBER
International Standard Book Number 9788171105502 (hbk)
037 ## - SOURCE OF ACQUISITION
Terms of availability TB
040 ## - CATALOGING SOURCE
Original cataloging agency ARTS
Transcribing agency ARTS
Language of cataloging san
041 ## - LANGUAGE CODE
Source of code san
Language code of text/sound track or separate title san
084 ## - COLON CLASSIFICATION NUMBER
Classification number R635x1,1, 152Q6
Assigning agency TB
100 ## - MAIN ENTRY--PERSONAL NAME
Personal name पतन्जलि, ले.
9 (RLIN) 816268
245 #0 - TITLE STATEMENT
Title योगसूत्र
246 ## - VARYING FORM OF TITLE
Title proper/short title Yogasūtra
260 ## - PUBLICATION, DISTRIBUTION, ETC.
Place of publication, distribution, etc. दिल्ली,
Name of publisher, distributor, etc. परिमल पब्लिकेशन्स,
Date of publication, distribution, etc. 2015.
300 ## - PHYSICAL DESCRIPTION
Extent 687पृ0
Dimensions cm.
650 ## - SUBJECT ADDED ENTRY--TOPICAL TERM
Topical term or geographic name entry element योग
942 ## - ADDED ENTRY ELEMENTS (KOHA)
Classification part R635x1,1, 152Q6
Koha item type Textbook
Source of classification or shelving scheme Colon Classification (CC)
Suppress in OPAC No
Holdings
Withdrawn status Lost status Source of classification or shelving scheme Damaged status Not for loan Home library Current library Date acquired Source of acquisition Cost, normal purchase price Total Checkouts Full call number Barcode Date last seen Date last checked out Cost, replacement price Price effective from Koha item type
    Colon Classification (CC)     Arts Library Arts Library 2022-09-23 201, 15/03/2021, Eastern Book Linkers 950.00 3 R635x1,1 152Q6 AL1665625 2025-01-18 2025-01-06 950.00 2022-09-23 Textual
Copyright @ Delhi University Library System